000 00691nam a2200229Ia 4500
003 OSt
005 20220925193917.0
006 a|||||r|||| 00| 0
007 ta
008 220923b |||||||| |||| 00| 0 eng d
037 _cGeneral Book
040 _aRTL
_cRTL
_beng
041 _2eng
_aeng
082 _aB6:3, M4/SC
100 _aBRUCE J.W.
_9249241
245 0 _aCurves and singularities
_b A geometriccal introduction to singgularity theory.
260 _aCambridge
_bCambridge University Press
_c1984
300 _axii,22p.
_ccm.
700 _a GIBLIN P.J.
_9249242
942 _hB6:3, M4/SC
_cGB
_2CC
999 _c527534
_d527534